Les joueurs français avec le plus de trophées d’Homme du Match - Statistiques

Statistiques générales
  • Ce quiz a été pris 53 fois
  • Le résultat moyen est 6 sur 10
Statistiques - réponses
Classement Nombre de trophées d'Homme du Match Joueurs % Correct
1 108 fois Kylian Mbappé
100%
2 98 fois Antoine Griezmann
96%
3 74 fois Karim Benzema
90%
6 56 fois Paul Pogba
86%
9 47 fois Ousmane Dembélé
82%
10 46 fois Franck Ribéry
53%
7 55 fois Alexandre Lacazette
39%
4 70 fois Dimitri Payet
31%
5 59 fois Nabil Fekir
22%
8 50 fois Rémy Cabella
0%
Aucun quiz correspondant
Distribution des résultats
% des personnes avec chaque résultat
Percentile par nombre de réponses
Votre historique - résultats
Vous n’avez pas pris ce quiz